La estructura del lenguaje / (Record no. 16498)

000 -CABECERA
fixed length control field 00775nam a22002297a 4500
003 - IDENTIFICADOR DEL NÚMERO DE CONTROL
control field AR-CdUCM
008 - DATOS DE LONGITUD FIJA--INFORMACIÓN GENERAL
fixed length control field 190503b ||||| |||| 00| 0 spa d
040 ## - FUENTE DE LA CATALOGACIÓN
Agencia/entidad que catalogó originalmente la obra MUNICIPALIDAD PROVINCIAL DEL CUSCO
Entidad que transcribió la catalogación BIBLIOTECA MUNICIPAL DEL CUSCO
082 ## - NÚMERO DE LA CLASIFICACIÓN DECIMAL DEWEY
No. de Clasificación 400 /
Notacion interna S62
100 ## - ENTRADA PRINCIPAL--NOMBRE DE PERSONA
Nombre Personal Snell, Bruno
245 ## - MENCIÓN DE TÍTULO
Título La estructura del lenguaje /
260 ## - PUBLICACIÓN, DISTRIBUCIÓN, ETC.
Lugar de publicación, distribución, etc. Madrid :
Nombre de la editorial, distribuidor, etc. Gredos,
Fecha de publicación, distribución, etc. 1952.
300 ## - DESCRIPCIÓN FÍSICA
Nº de Páginas Extensión 218 páginas ;
Dimensiones 20 cm.
440 ## - MENCIÓN DE SERIE/PUNTO DE ACCESO ADICIONAL--TÍTULO
Título Biblioteca románica hispánica
9 (RLIN) 20948
505 ## - NOTA DE CONTENIDO CON FORMATO
Nota de contenido formateada Contenido : Morfología del lenguaje -- Los movimientos -- Los sonidos -- La palabra -- La oración ...
650 ## - PUNTO DE ACCESO ADICIONAL DE MATERIA--TÉRMINO DE MATERIA
Descriptor Lenguaje
9 (RLIN) 5227
650 ## - PUNTO DE ACCESO ADICIONAL DE MATERIA--TÉRMINO DE MATERIA
Descriptor Estructura
9 (RLIN) 41
650 ## - PUNTO DE ACCESO ADICIONAL DE MATERIA--TÉRMINO DE MATERIA
Descriptor Morfología
9 (RLIN) 15689
700 ## - PUNTO DE ACCESO ADICIONAL--NOMBRE DE PERSONA
Nombre Personal Macau de Lledo, M.
9 (RLIN) 35973
942 ## - ELEMENTOS DE PUNTO DE ACCESO ADICIONAL (KOHA)
Fuente de clasificación
Tipo de item Libros-BMC
945 ## - PROCESAMIENTO DE INFORMACIÓN LOCAL (OCLC)
Catalogador rah
AAAA-MM-DD - Fecha de ingreso o modificacion 03/05/2019
Holdings
Estado de retiro (separado) Fuente de clasificación o esquema de estanterías Estado dañado Ubicación Sala donde se ubica Nombre de la colección Fecha de adquisición o compra Costo, precio normal en soles Signatura topográfica Código de Barras Última vez visto (Koha) Tipo de ítem (Koha)
No     Sala Humanidades Sala Humanidades Book Cart 2019-05-03 20.00 400 / S62 SH0000011410 2019-05-03 Libros-BMC
No     Sala Humanidades Sala Humanidades Book Cart 2019-05-03 20.00 400 / S62 SH0000012503 2019-05-08 Libros-BMC

Powered by Koha